00253nam a2200097Ia 4500008004100000100001600041245005600057260001700113300000900130650001600139191201s2016 xx 000 0 und d aSUKHIJA, MS 0aCircuits and Networks Analysis Design and Synthesis bOxfordc2016 a1000 aB.Tech(ECE)